000 00305nam a22001337a 4500
008 170620b xxu||||| |||| 00| 0 eng d
020 _a9780521525602
041 _aeng
080 _a32
100 _a20
101 _aSHP
245 _aTHE POLITICS QUASI GONVERNMENT
_cKOPPELL.J.G.S
942 _2udc
_cBK
999 _c18310
_d18310